000 00746nam a2200229Ia 4500
003 IN-BaIIA
008 211028s9999 xx 000 0 eng d
020 _a0-07-004127-X
040 _cIIA Library
080 _a(035)621.01
_bAVA
100 _aAvallone, E. A.
_916759
245 0 _aMarks' standard handbook for mechanical engineers
_cE. A. Avallone and T. Baumeister
250 _a9th ed
260 _aNew York
_bMcGraw-Hill
_c1987
300 _a[various pagings.]
490 _aMcGraw-Hill international Editions Mechanical Engineering Se
650 _aHandbooks
_95453
650 _aMechanical Engineering
_9667
650 _aNASA Thesaurus
700 _aBaumeister, T
_916760
942 _cBK
999 _c9884
_d9884